Nimeä valtioita - Statistics

Yleistilastot
  • Tätä visaa on pelattu 60 kertaa
  • Keskiarvotulos 4 / 5
Vastaukset kartalla
Vastauksille on annettu kartalla punavihreä väri sen mukaan, kuinka moni on saanut sen oikein.
 
Vastaustilastot
Valtio Vastaus % Oikein
Nimeä valtio Argentiina
100%
Nimeä valtio Bolivia
100%
Nimeä valtio Brasilia
100%
Nimeä valtio Chile
100%
Nimeä valtio Costa rica
100%
Nimeä valtio Ecuador
100%
Nimeä valtio Fidzi
100%
Nimeä valtio Honduras
100%
Nimeä valtio Kanada
100%
Nimeä valtio Kolumbia
100%
Nimeä valtio Kuuba
100%
Nimeä valtio Marshallinsaaret
100%
Nimeä valtio Meksiko
100%
Nimeä valtio Micronesia
100%
Nimeä valtio Nauru
100%
Nimeä valtio Nicaragua
100%
Nimeä valtio Panama
100%
Nimeä valtio Papua-Uusi-Guinea
100%
Nimeä valtio Paraguay
100%
Nimeä valtio Peru
100%
Nimeä valtio Saint Lucia
100%
Nimeä valtio Tonga
100%
Nimeä valtio Tuvalu
100%
Nimeä valtio Uruguay
100%
Nimeä valtio Uusi-Seelanti
100%
Nimeä valtio Vanuatu
100%
Nimeä valtio Venezuela
100%
Nimeä valtio Yhdysvallat
100%
Nimeä valtio Belize
86%
Nimeä valtio Australia
75%
Nimeä valtio Guyana
75%
Nimeä valtio Samoa
75%
Nimeä valtio Haiti
67%
Nimeä valtio Jamaika
67%
Nimeä valtio Kiribati
67%
Nimeä valtio Dominica
50%
Nimeä valtio Dominikaaninen tasavalta
50%
Nimeä valtio Palau
50%
Nimeä valtio Salomonsaaret
50%
Nimeä valtio Guatemala
40%
Nimeä valtio Surinam
40%
Nimeä valtio Antigua ja Barbuda
0%
Nimeä valtio El salvador
0%
Nimeä valtio Grenada
0%
Nimeä valtio Saint Kitts ja Newis
0%
Nimeä valtio Saint Vincent ja Grenadiinit
0%
Nimeä valtio Trinidad ja Tobago
0%
Ehtoja vastaavia visoja ei löytynyt
Tulosjakauma
Jokaisen tuloksen saaneiden osuus
Persentiili vastausten määrän mukaan
Tuloshistoriasi
Et ole pelannut tätä visaa